| 000 | 00465 a2200181 4500 | ||
|---|---|---|---|
| 001 | 135424 | ||
| 020 | _a978-85-88-467-12-5 | ||
| 040 | _cLeonardo Da Vinci | ||
| 041 | _aPortuguês | ||
| 082 |
_a327 N789 _bN789 |
||
| 245 | _aNotas internacionais | ||
| 260 |
_bDesatino _c2007 _aSão Paulo |
||
| 300 | _a111 | ||
| 362 | _a20070000 | ||
| 490 | _vv. 4 | ||
| 697 |
_aRelações exteriores _aPolítica internacional _aRelações internacionais _aFIPEN |
||
| 942 | _cBK | ||
| 999 |
_c135424 _d135424 |
||